<?xml version="1.0" encoding="UTF-8"?>
<record
    xmlns:xsi="http://www.w3.org/2001/XMLSchema-instance"
    xsi:schemaLocation="http://www.loc.gov/MARC21/slim http://www.loc.gov/standards/marcxml/schema/MARC21slim.xsd"
    xmlns="http://www.loc.gov/MARC21/slim">

  <leader>00675nam a22001577a 4500</leader>
  <controlfield tag="003">OSt</controlfield>
  <controlfield tag="005">20150928173910.0</controlfield>
  <controlfield tag="008">150928b        xxu||||| |||| 00| 0 eng d</controlfield>
  <datafield tag="040" ind1=" " ind2=" ">
    <subfield code="c">RUA</subfield>
  </datafield>
  <datafield tag="082" ind1=" " ind2=" ">
    <subfield code="a">AGR.BB CHH 2010  B060 Or.1</subfield>
  </datafield>
  <datafield tag="100" ind1=" " ind2=" ">
    <subfield code="9">1519</subfield>
    <subfield code="a">CHHIN, DIORNG.</subfield>
  </datafield>
  <datafield tag="245" ind1=" " ind2=" ">
    <subfield code="a">Study the tntegrated faming system in odurmbang1 commune, sabgker district, battambang province, &#x1780;&#x17B6;&#x179A;&#x179F;&#x17B7;&#x1780;&#x17D2;&#x179F;&#x17B6;&#x1796;&#x17B8;&#x1794;&#x17D2;&#x179A;&#x1796;&#x17D0;&#x1793;&#x17D2;&#x1792;&#x1780;&#x179F;&#x17B7;&#x1780;&#x1798;&#x17D2;&#x1798;&#x1785;&#x1798;&#x17D2;&#x179A;&#x17BB;&#x17C7;&#x1793;&#x17C5;&#x1783;&#x17BB;&#x17C6;&#x17A2;&#x17BC;&#x179A;&#x178A;&#x17C6;&#x1794;&#x1784;&#x17E1; &#x179F;&#x17D2;&#x179A;&#x17BB;&#x1780;&#x179F;&#x1784;&#x17D2;&#x1780;&#x17C2; &#x1781;&#x17C1;&#x178F;&#x17D2;&#x178F;&#x1794;&#x17B6;&#x178F;&#x17CB;&#x178A;&#x17C6;&#x1794;&#x1784;.</subfield>
  </datafield>
  <datafield tag="260" ind1=" " ind2=" ">
    <subfield code="a">pphnom phen</subfield>
    <subfield code="b">RUA</subfield>
    <subfield code="c">2010</subfield>
  </datafield>
  <datafield tag="300" ind1=" " ind2=" ">
    <subfield code="a">IV,44p.</subfield>
    <subfield code="b">ill.</subfield>
    <subfield code="c">29cm.</subfield>
  </datafield>
  <datafield tag="942" ind1=" " ind2=" ">
    <subfield code="2">ddc</subfield>
    <subfield code="c">AGRBB</subfield>
  </datafield>
  <datafield tag="999" ind1=" " ind2=" ">
    <subfield code="c">1429</subfield>
    <subfield code="d">1429</subfield>
  </datafield>
  <datafield tag="952" ind1=" " ind2=" ">
    <subfield code="0">0</subfield>
    <subfield code="1">0</subfield>
    <subfield code="2">ddc</subfield>
    <subfield code="4">0</subfield>
    <subfield code="6">AGR__BB_CHI_2010_000000000000000_B060_OR_1</subfield>
    <subfield code="7">0</subfield>
    <subfield code="9">6265</subfield>
    <subfield code="a">LBB</subfield>
    <subfield code="b">LBB</subfield>
    <subfield code="c">B060</subfield>
    <subfield code="d">2015-09-28</subfield>
    <subfield code="o">AGR.BB CHI 2010  B060 Or.1</subfield>
    <subfield code="p">RUA009971</subfield>
    <subfield code="r">2015-09-28</subfield>
    <subfield code="w">2015-09-28</subfield>
    <subfield code="y">AGRBB</subfield>
  </datafield>
  <datafield tag="952" ind1=" " ind2=" ">
    <subfield code="0">0</subfield>
    <subfield code="1">0</subfield>
    <subfield code="2">ddc</subfield>
    <subfield code="4">0</subfield>
    <subfield code="6">AGR__BB_CHI_2010_000000000000000_B060_OR_2</subfield>
    <subfield code="7">0</subfield>
    <subfield code="9">6266</subfield>
    <subfield code="a">LBB</subfield>
    <subfield code="b">LBB</subfield>
    <subfield code="c">B060</subfield>
    <subfield code="d">2015-09-28</subfield>
    <subfield code="o">AGR.BB CHI 2010  B060 Or.2</subfield>
    <subfield code="p">RUA001673</subfield>
    <subfield code="r">2015-09-28</subfield>
    <subfield code="w">2015-09-28</subfield>
    <subfield code="y">AGRBB</subfield>
  </datafield>
  <datafield tag="952" ind1=" " ind2=" ">
    <subfield code="0">0</subfield>
    <subfield code="1">0</subfield>
    <subfield code="2">ddc</subfield>
    <subfield code="4">0</subfield>
    <subfield code="6">AGR__BB_CHI_2010_000000000000000_B060_OR_3</subfield>
    <subfield code="7">0</subfield>
    <subfield code="9">6267</subfield>
    <subfield code="a">LBB</subfield>
    <subfield code="b">LBB</subfield>
    <subfield code="c">B060</subfield>
    <subfield code="d">2015-09-28</subfield>
    <subfield code="o">AGR.BB CHI 2010  B060 Or.3</subfield>
    <subfield code="p">RUA001883</subfield>
    <subfield code="r">2015-09-28</subfield>
    <subfield code="w">2015-09-28</subfield>
    <subfield code="y">AGRBB</subfield>
  </datafield>
  <datafield tag="952" ind1=" " ind2=" ">
    <subfield code="0">0</subfield>
    <subfield code="1">0</subfield>
    <subfield code="2">ddc</subfield>
    <subfield code="4">0</subfield>
    <subfield code="6">AGR__BB_CHI_2010_000000000000000_B060_OR_4</subfield>
    <subfield code="7">0</subfield>
    <subfield code="9">6268</subfield>
    <subfield code="a">LBB</subfield>
    <subfield code="b">LBB</subfield>
    <subfield code="c">B060</subfield>
    <subfield code="d">2015-09-28</subfield>
    <subfield code="o">AGR.BB CHI 2010  B060 Or.4</subfield>
    <subfield code="p">RUA001811</subfield>
    <subfield code="r">2015-09-28</subfield>
    <subfield code="w">2015-09-28</subfield>
    <subfield code="y">AGRBB</subfield>
  </datafield>
  <datafield tag="952" ind1=" " ind2=" ">
    <subfield code="0">0</subfield>
    <subfield code="1">0</subfield>
    <subfield code="2">ddc</subfield>
    <subfield code="4">0</subfield>
    <subfield code="6">AGR__BB_CHI_2010_000000000000000_B060_OR_5</subfield>
    <subfield code="7">0</subfield>
    <subfield code="9">6269</subfield>
    <subfield code="a">LBB</subfield>
    <subfield code="b">LBB</subfield>
    <subfield code="c">B060</subfield>
    <subfield code="d">2015-09-28</subfield>
    <subfield code="o">AGR.BB CHI 2010  B060 Or.5</subfield>
    <subfield code="p">RUA001690</subfield>
    <subfield code="r">2015-09-28</subfield>
    <subfield code="w">2015-09-28</subfield>
    <subfield code="y">AGRBB</subfield>
  </datafield>
  <datafield tag="952" ind1=" " ind2=" ">
    <subfield code="0">0</subfield>
    <subfield code="1">0</subfield>
    <subfield code="2">ddc</subfield>
    <subfield code="4">0</subfield>
    <subfield code="6">AGR__BB_CHH_2010_000000000000000_B060_OR_6</subfield>
    <subfield code="7">0</subfield>
    <subfield code="9">6270</subfield>
    <subfield code="a">LBB</subfield>
    <subfield code="b">LBB</subfield>
    <subfield code="c">B060</subfield>
    <subfield code="d">2015-09-28</subfield>
    <subfield code="o">AGR.BB CHH 2010  B060 Or.6</subfield>
    <subfield code="p">RUA001899</subfield>
    <subfield code="r">2015-09-28</subfield>
    <subfield code="w">2015-09-28</subfield>
    <subfield code="y">AGRBB</subfield>
  </datafield>
  <datafield tag="952" ind1=" " ind2=" ">
    <subfield code="0">0</subfield>
    <subfield code="1">0</subfield>
    <subfield code="2">ddc</subfield>
    <subfield code="4">0</subfield>
    <subfield code="6">AGR__BB_CHI_2010_000000000000000_B060_OR_7</subfield>
    <subfield code="7">0</subfield>
    <subfield code="9">6271</subfield>
    <subfield code="a">LBB</subfield>
    <subfield code="b">LBB</subfield>
    <subfield code="c">B060</subfield>
    <subfield code="d">2015-09-28</subfield>
    <subfield code="o">AGR.BB CHI 2010  B060 Or.7</subfield>
    <subfield code="p">RUA001761</subfield>
    <subfield code="r">2015-09-28</subfield>
    <subfield code="w">2015-09-28</subfield>
    <subfield code="y">AGRBB</subfield>
  </datafield>
  <datafield tag="952" ind1=" " ind2=" ">
    <subfield code="0">0</subfield>
    <subfield code="1">0</subfield>
    <subfield code="2">ddc</subfield>
    <subfield code="4">0</subfield>
    <subfield code="6">AGR__BB_CHI_2010_000000000000000_B060_OR_8</subfield>
    <subfield code="7">0</subfield>
    <subfield code="9">6272</subfield>
    <subfield code="a">LBB</subfield>
    <subfield code="b">LBB</subfield>
    <subfield code="c">B060</subfield>
    <subfield code="d">2015-09-28</subfield>
    <subfield code="l">1</subfield>
    <subfield code="o">AGR.BB CHI 2010  B060 Or.8</subfield>
    <subfield code="p">RUA009689</subfield>
    <subfield code="r">2023-07-03</subfield>
    <subfield code="s">2023-06-16</subfield>
    <subfield code="w">2015-09-28</subfield>
    <subfield code="y">AGRBB</subfield>
  </datafield>
</record>
